| 000 | 00691nam a2200241Ia 4500 | ||
|---|---|---|---|
| 003 | BUBTL | ||
| 008 | 151213s9999 xx 000 0 und d | ||
| 041 | _aEnglish | ||
| 082 | _a347.052/ M2786l/ 1990 | ||
| 100 |
_aMahmood, SH. Shaukat _95422 |
||
| 245 |
_aThe Limitation Act/ _cSH. Shaukat Mahmood, SH. Nadeem Shaukat |
||
| 250 | _a3rd ed. | ||
| 260 |
_aPakistan _bLegal Research Centre _cc1990 |
||
| 300 |
_a1044p. : _bill. ; _c22 cm. |
||
| 500 | _aIncludes Index | ||
| 526 | _aLaw | ||
| 650 | 0 |
_aLaw _926 |
|
| 650 | _a | ||
| 700 |
_aSH. Shaukat Mahmood, SH. Nadeem Shaukat _95421 |
||
| 856 |
_k0 _l0 _yDownload |
||
| 942 |
_2ddc _cBK |
||
| 999 |
_c3409 _d3409 |
||